Quentin Durward; A romance. From the last revised edition, containing the author's final corrections, notes, &c. Parker's edition

Gespeichert in:
Bibliographische Detailangaben
1. Verfasser: Scott, Walter (VerfasserIn)
Format: Buch
Sprache:Englisch
Veröffentlicht: Boston Sanborn, Carter and Bazin 1855
Ausgabe:2a. ed
Schriftenreihe:Waverley Novels: Library Edition. XV
Schlagworte:
Tags: Tag hinzufügen
Keine Tags, Fügen Sie den ersten Tag hinzu!

MARC

LEADER 00000nam a2200000 a 4500
001 UCJ7989
003 CL-VaPUC
008 070124e18550000US |||||||||||||||||eng|d
082 0 4 |a 823  |b SCO  |2 21 
100 0 |a Scott, Walter  |e author  |9 354318 
245 1 0 |a Quentin Durward; A romance. From the last revised edition, containing the author's final corrections, notes, &c. Parker's edition 
250 |a 2a. ed 
300 |a 272 p 
942 |c BK 
945 |d 20070124 00:00:00  |a rinostro 
260 |a Boston  |b Sanborn, Carter and Bazin  |c 1855 
500 |a Dos grabados al inicio 
650 7 |a NOVELA ESCOCESA  |2 CL-VaPUC  |9 330483 
650 0 |a Ilustraciones  |9 369481 
583 |a last modification  |c 20070124 00:00:00  |k Rodrigo Vera 
490 0 |a Waverley Novels: Library Edition. XV 
999 |c 323849  |d 323847 
952 |0 0  |1 0  |4 0  |6 823_000000000000000_SCO_1855  |7 0  |8 X  |9 403670  |a FDOBUD  |b FDOBUD  |d 2019-11-22  |i 1071165  |o 823 SCO 1855  |p 1071165  |r 2019-11-22  |w 2019-11-22  |y BK_X  |k BUD